[Event "Olympiad Women-45"]
[Site "Budapest"]
[Date "2024.09.15"]
[Round "5.20"]
[White "Lyon, Hannah Jane"]
[Black "Schloffer, Jasmin Denise"]
[Result "0-1"]
[WhiteElo "1797"]
[BlackElo "2168"]
[PlyCount "66"]
[EventDate "2024.09.11"]
[EventType "team-swiss"]
[EventRounds "11"]
[EventCountry "HUN"]
[SourceTitle "CB38_2024"]
[SourceDate "2024.09.18"]
[SourceVersion "1"]
[SourceVersionDate "2024.09.18"]
[SourceQuality "1"]
[WhiteTeam "Luxembourg (W)"]
[BlackTeam "Austria (W)"]
[WhiteTeamCountry "LUX"]
[BlackTeamCountry "AUT"]

1. d4 Nf6 2. c4 e6 3. g3 d5 4. Nf3 Bb4+ 5. Bd2 Bd6 6. Bg2 0-0 7. Qc2 c6 8. 0-0 Ne4 9. Rd1 Nd7 10. a3 a5 11. Nc3 f5 12. Rab1 Qe7 13. c5 Bc7 14. b4 e5 15. b5 exd4 16. Nxe4 fxe4 17. Nxd4 Qf6 18. Be1 Be5 19. e3 Bc7 20. Bc3 Ne5 21. Qa2 Kh8 22. Rf1 Qh6 23. Qd2 Bh3 24. f3 Nc4 25. Qe2 Bxg2 26. Kxg2 Nxe3+ 27. Kg1 Nxf1 28. Rxf1 exf3 29. Qe7 Rfe8 30. Qxc7 Qe3+ 31. Kh1 Qxc3 32. Nf5 Re1 33. Kg1 Rae8 0-1